[Event "Werther Schloss op-C 13rd"]
[Site "Werther"]
[Date "2007.03.31"]
[Round "3"]
[White "Miller, Hans Werner"]
[Black "Knollmann, Baerbel"]
[Result "1-0"]
[WhiteElo "1644"]
[BlackElo "1585"]
[PlyCount "105"]
[EventDate "2007.03.31"]
[EventType "swiss"]
[EventRounds "5"]
[EventCountry "GER"]
[SourceTitle "EXT 2008"]
[Source "ChessBase"]
[SourceDate "2007.11.25"]
[SourceVersion "1"]
[SourceVersionDate "2007.11.25"]
[SourceQuality "1"]

1. e4 e6 2. d4 b6 3. Nf3 Bb7 4. Bd3 Be7 5. 0-0 Nf6 6. Re1 h6 7. c4 d6 8. Nbd2 Nbd7 9. Nf1 Nh7 10. b3 Ng5 11. a4 Nxf3+ 12. Qxf3 Bf6 13. Bb2 c5 14. Qe3 cxd4 15. Bxd4 e5 16. Bb2 Bg5 17. Qe2 Nc5 18. Bc2 Ne6 19. Ng3 Nf4 20. Qd1 Qf6 21. Nf5 Rd8 22. Ng3 Bh4 23. Qg4 Bc8 24. Qf3 Nh3+ 25. Kf1 Qxf3 26. gxf3 Nf4 27. Nf5 Bxf5 28. exf5 Bf6 29. Rad1 0-0 30. Bc1 Bg5 31. Bxf4 Bxf4 32. h4 f6 33. Rd5 Rd7 34. Red1 Rfd8 35. h5 Kf8 36. Be4 Ke7 37. a5 Rb8 38. a6 Rbd8 39. Rb5 Rc7 40. Bd5 Rb8 41. Be6 Rc5 42. Rd5 Rc7 43. Rd3 Rc5 44. b4 Rc7 45. c5 dxc5 46. bxc5 Rd8 47. Rxd8 Kxd8 48. cxb6 axb6 49. Rxb6 Ra7 50. Rc6 e4 51. fxe4 Be5 52. Ke2 Rc7 53. Rxc7 1-0

[Event "OWL-ch (Women)"]
[Site "Lippstadt"]
[Date "2006.04.22"]
[Round "3"]
[White "Knollmann, Baerbel"]
[Black "Preiss, Lore"]
[Result "1-0"]
[WhiteElo "1549"]
[BlackElo "1576"]
[PlyCount "81"]
[EventDate "2006.04.21"]
[EventType "tourn"]
[EventRounds "5"]
[EventCountry "GER"]
[SourceTitle "EXT 2008"]
[Source "ChessBase"]
[SourceDate "2007.11.25"]
[SourceVersion "1"]
[SourceVersionDate "2007.11.25"]
[SourceQuality "1"]

1. e4 c5 2. Bc4 e6 3. a3 Nc6 4. Nf3 Qc7 5. c3 Be7 6. d3 Nf6 7. Bg5 d6 8. 0-0 0-0 9. Re1 e5 10. Nbd2 h6 11. Bh4 Bg4 12. h3 Bd7 13. Nf1 Nh7 14. Ne3 Bxh4 15. Nxh4 Ng5 16. Nhf5 Kh7 17. Nd5 Qb8 18. h4 Ne6 19. Qh5 f6 20. g3 Be8 21. Qg4 h5 22. Qf3 Bf7 23. Nfe3 Qd8 24. Qf5+ Kg8 25. Kh2 Ne7 26. Nxe7+ Qxe7 27. Nd5 Qe8 28. Rg1 Kh8 29. g4 Bg6 30. Qf3 Rc8 31. Rg3 b5 32. Ba2 c4 33. Rag1 Rg8 34. Qe3 Qf7 35. Bb1 hxg4 36. Rxg4 Bh5 37. R4g3 g6 38. Qh6+ Qh7 39. Qxh7+ Kxh7 40. Nxf6+ Kg7 41. Nxh5+ 1-0

[Event "OWL-ch (Women)"]
[Site "Buende"]
[Date "2005.04.02"]
[Round "3"]
[White "Preiss, Lore"]
[Black "Knollmann, Baerbel"]
[Result "1/2-1/2"]
[WhiteElo "1609"]
[BlackElo "1551"]
[PlyCount "95"]
[EventDate "2005.04.01"]
[EventType "tourn"]
[EventRounds "5"]
[EventCountry "GER"]
[SourceTitle "EXT 2006"]
[Source "ChessBase"]
[SourceDate "2005.11.24"]
[SourceVersion "1"]
[SourceVersionDate "2005.11.24"]
[SourceQuality "1"]

1. d4 e6 2. Nf3 b6 3. c4 Bb7 4. e3 Bb4+ 5. Bd2 Bxd2+ 6. Nbxd2 Nf6 7. Be2 d6 8. 0-0 Nbd7 9. h3 h6 10. Rc1 Qe7 11. Qc2 0-0 12. Nh2 e5 13. dxe5 Nxe5 14. Nhf3 Rae8 15. Nxe5 Qxe5 16. Bf3 Bc8 17. Rfe1 Qg5 18. Kh2 Qe5+ 19. Kg1 Nh7 20. Qc3 Qxc3 21. Rxc3 Ng5 22. h4 Nxf3+ 23. Nxf3 Bb7 24. Nd2 f5 25. f3 Re6 26. Kf2 Rfe8 27. Nb3 R6e7 28. Nd4 Rf8 29. Ne2 g6 30. Nf4 Kg7 31. Nd5 Bxd5 32. cxd5 Kf6 33. Rec1 Rc8 34. f4 a5 35. Rc6 Rce8 36. R1c3 g5 37. hxg5+ hxg5 38. g3 gxf4 39. gxf4 Rh7 40. Rc2 Rh2+ 41. Kf3 Rh3+ 42. Kf2 Rexe3 43. Rxc7 Ref3+ 44. Kg2 Rd3 45. R7c6 Rhg3+ 46. Kh2 Rh3+ 47. Kg2 Rhg3+ 48. Kh2 1/2-1/2

[Event "OWL-ch (Women)"]
[Site "Buende"]
[Date "2005.04.01"]
[Round "1"]
[White "Knollmann, Baerbel"]
[Black "Brinkmann, Andrea"]
[Result "1/2-1/2"]
[WhiteElo "1551"]
[BlackElo "1747"]
[PlyCount "70"]
[EventDate "2005.04.01"]
[EventType "tourn"]
[EventRounds "5"]
[EventCountry "GER"]
[SourceTitle "EXT 2006"]
[Source "ChessBase"]
[SourceDate "2005.11.24"]
[SourceVersion "1"]
[SourceVersionDate "2005.11.24"]
[SourceQuality "1"]

1. e4 d5 2. exd5 Nf6 3. Nc3 Bg4 4. f3 Bf5 5. Bb5+ Nbd7 6. Nge2 a6 7. Nd4 axb5 8. Nxf5 g6 9. Ne3 b4 10. Ne4 Bg7 11. c3 bxc3 12. dxc3 Nxe4 13. fxe4 Nc5 14. Qc2 0-0 15. 0-0 Nd7 16. Ng4 Ne5 17. Nxe5 Bxe5 18. Bh6 Bg7 19. Bxg7 Kxg7 20. c4 Qd6 21. b3 Qc5+ 22. Kh1 Rad8 23. Rf3 Rd6 24. Raf1 e6 25. Qc3+ Kg8 26. b4 Qa7 27. c5 Rdd8 28. Qb3 exd5 29. exd5 Rd7 30. Qc4 Qa8 31. b5 Qd8 32. d6 cxd6 33. cxd6 Qe8 34. a4 Rxd6 35. Qc1 Rd7 1/2-1/2